LEADER 01054nam a2200253 u 4500 001 000000003075 003 CaOOAMICUS 005 20070226104511.0 008 940530s1904 fr e u000 u fre u 035 $a10079217 040 $aPUL(R)$bita 100 1 $aBoissier, Gaston,$d1823-1908.$0(OLS)http://pul/name/3271 245 10$aPromenades archéologiques :$bRome et Pompéi /$cpar Gaston Boissier ; ouvrage contenant huit plans. 250 $aHuitième éd. 260 $aParis :$bHachette et C.ie,$c1904. 300 $aix, 407 p. :$b8 plans (part fold) ;$c19 cm 500 $aComprende indice. 651 4$aRoma$xAntichità.$0(OLS)http://pul/subject/2716 651 4$aPompei.$0(OLS)http://pul/subject/2715 850 $aPUL 852 $aPUL$W1$xDP1 Fondo Ciprotti$y59$m1549 A 52$j4081$nBK-PRI$b $qFondi$B4081$CPULBib$Z2$F4081 $H $81 941 1 $a1 996 $6245$aPromenades archéologiques :$bRome et Pompéi$9(OLS)http://pul/title/4479 996 $6260$aParis :$bHachette et C.ie$9(OLS)http://pul/publisher/49692 LEADER 01333nam a2200325 u 4500 001 000000044805 003 CaOOAMICUS 005 20070226114606.0 008 990510s1999 fr u000 u fre u 020 $a2711613739 035 $a10822653 040 $aBAV$bita$dPUL(R) 100 1 $aAlcoloumbre, Thierry.$0(OLS)http://pul/name/32663 245 10$aMaïmonide et la problème de la personne /$cpar Thierry Alcoloumbre. 260 $aParis :$bJ. Vrin,$c1999. 300 $a183 p. ;$c24 cm 490 1 $aEtudes de philosophie médiévale ;$v77 504 $aBibliografia: p. 167-176. 600 04$aMaimonides, Moses,$d1135-1204.$0(OLS)http://pul/subject/29789 830 0$aEtudes de philosophie médiévale ;$v77.$0(OLS)http://pul/title/1367 850 $aPUL 852 $aPUL$W1$xSL Filosofia 2$y80$mPhil A4 77$j60263$nBK-PRI$b $qStampati altre collocazioni$B60263$CPULBib$Z2$F60263 $H $81 941 1 $a10 960 $aM?s? ibn Maim?n$d1135-1204$929789 960 $aMaimonide,$d1135-1204$929789 960 $aMaimonides,$d1135-1204$929789 961 $aINV: 79907 996 $6020$a2711613739$9(OLS)http://pul/number/55872 996 $6245$aMaïmonide et la problème de la personne$9(OLS)http://pul/title/60425 996 $6260$aParis :$bJ. Vrin$9(OLS)http://pul/publisher/48393